Gaming Quiz

Random Gaming or Pokémon Quiz
Score 0/5 Timer 07:00
0 Plays Today
Hint Answer % Correct
SP (Starting pitcher)Palpitoad
88.9%
SPAccelgor
66.7%
SPLeafeon
66.7%
SPElectrivire
44.4%
SPGlaceon
44.4%

You're not logged in!

Compare scores with friends on all Sporcle quizzes.
OR
Log In

Sporcle TV

Today on Sporcle TV


Watch our educational content, quiz creation guides, and fun videos on Sporcle TV.

Show Comments

Extras

Top Quizzes Today


Score Distribution

Paid Content

Your Account Isn't Verified!

In order to create a playlist on Sporcle, you need to verify the email address you used during registration. Go to your Sporcle Settings to finish the process.

Report this User

Report this user for behavior that violates our Community Guidelines.

Details: